La conciencia de Zeno

Saved in:
Bibliographic Details
Main Author: Svevo, Italo (Author)
Format: Book
Language:Spanish
Published: Barcelona Seix Barral 1969
Series:Biblioteca Breve de Bolsillo, 43
Subjects:
Tags: Add Tag
No Tags, Be the first to tag this record!

MARC

LEADER 00000nam a2200000 a 4500
001 UCZ6368
003 CL-VaPUC
008 951211e19690000SP |||||||||||||||||spa|d
082 0 4 |a 853  |b SVE  |2 21 
100 0 |a Svevo, Italo  |e author  |9 324796 
245 1 3 |a La conciencia de Zeno 
300 |a 460 p 
942 |c BK 
945 |d 19951211 00:00:00  |a rleighto 
260 |a Barcelona  |b Seix Barral  |c 1969 
650 0 |a Novela italiana  |9 265740 
583 |a last modification  |c 19951211 00:00:00  |k Rodrigo Vera 
490 0 |a Biblioteca Breve de Bolsillo, 43 
999 |c 242576  |d 242574 
952 |0 0  |1 0  |4 0  |6 853_000000000000000_SVE_1969  |7 0  |8 A  |9 255621  |a BIBEDU  |b BIBEDU  |d 2019-11-19  |i 3160777  |o 853 SVE 1969  |p 3160777  |r 2019-11-19  |w 2019-11-19  |y BK  |k LIT